La réponse est un modèle de voiture - Statistiques

Statistiques générales
  • Ce quiz a été pris 4 233 fois
  • Le résultat moyen est 9 sur 15
Statistiques - réponses
Indice Marque Modèle % Correct
Île espagnole de la Méditerranée connue pour sa vie nocturne Seat Ibiza
90%
Ursidé noir et blanc originaire de Chine Fiat Panda
82%
Sport de balle se pratiquant à cheval Volkswagen Polo
82%
Cheval sauvage américain Ford Mustang
80%
Sport où l'on peut parler de par et de bogey Volkswagen Golf
79%
Chef-lieu de la Guyane Porsche Cayenne
76%
Une partition en est remplie Nissan Note
64%
Nymphe de l'Histoire dans la mythologie grecque Renault Clio
61%
Insecte surnommée "la bête à bon Dieu" Volkswagen Coccinelle
57%
Explosif de la famille des plastics Citroën C4
56%
Étendue, surface Renault Espace
54%
Style de musique né à la Nouvelle-Orléans au début du 20ème siècle Honda Jazz
54%
Peuple de nomades du Sahara Volkswagen Touareg
44%
Commerce illicite Renault Trafic
40%
Objet aux vertus magiques Renault Talisman
19%
Aucun quiz correspondant
Distribution des résultats
% des personnes avec chaque résultat
Percentile par nombre de réponses
Votre historique - résultats
Vous n’avez pas pris ce quiz